Understanding Indian Perspectives of Education : (Record no. 53406)

MARC details
000 -LEADER
fixed length control field 00597nam a2200193Ia 4500
005 - DATE AND TIME OF LATEST TRANSACTION
control field 20260429112315.0
008 - FIXED-LENGTH DATA ELEMENTS--GENERAL INFORMATION
fixed length control field 260429s9999||||xx |||||||||||||| ||und||
020 ## - INTERNATIONAL STANDARD BOOK NUMBER
International Standard Book Number 9788198966780
041 ## - LANGUAGE CODE
Language English
082 ## - DEWEY DECIMAL CLASSIFICATION NUMBER
Classification number 370.954
Item number CHO
100 ## - MAIN ENTRY--PERSONAL NAME
Personal name Choudhry, Babli
245 #0 - TITLE STATEMENT
Title Understanding Indian Perspectives of Education :
Remainder of title in respect to the Indian knowledge system /
Statement of responsibility, etc Babli Choudhry
260 ## - PUBLICATION, DISTRIBUTION, ETC. (IMPRINT)
Place of publication, distribution, etc New Delhi :
Name of publisher, distributor, etc Atal Prakasan,
Date of publication, distribution, etc 2026.
300 ## - PHYSICAL DESCRIPTION
Extent vii, 356 p.; hb
650 ## - SUBJECT ADDED ENTRY--TOPICAL TERM
Topical term or geographic name as entry element Indian philosophy of education
650 ## - SUBJECT ADDED ENTRY--TOPICAL TERM
Topical term or geographic name as entry element Knowledge system
650 ## - SUBJECT ADDED ENTRY--TOPICAL TERM
Topical term or geographic name as entry element Education-India
942 ## - ADDED ENTRY ELEMENTS (KOHA)
Koha item type Text Books
Holdings
Withdrawn status Lost status Damaged status Not for loan Collection code Home library Location Shelving location Date of Cataloging Source of acquisition Total Checkouts Full call number Barcode Date last seen Price effective from Koha item type
        Non-fiction CUTN Central Library CUTN Central Library Social Sciences 29/04/2026 Today and Tomorrow’s Printers & Publishers, New Delhi - Invoice No. IN-00470 on 10-02-2026   370.954 CHO 58623 29/04/2026 29/04/2026 Text Books
        Non-fiction CUTN Central Library CUTN Central Library Social Sciences 29/04/2026 Today and Tomorrow’s Printers & Publishers, New Delhi - Invoice No. IN-00470 on 10-02-2026   370.954 CHO 58624 29/04/2026 29/04/2026 Text Books